Colloquium on late-type stars (Record no. 3052)

MARC details
000 -LEADER
fixed length control field 00846nam a2200229Ia 4500
003 - CONTROL NUMBER IDENTIFIER
control field IN-BaIIA
008 - FIXED-LENGTH DATA ELEMENTS--GENERAL INFORMATION
fixed length control field 211028s9999 xx 000 0 eng d
040 ## - CATALOGING SOURCE
Transcribing agency IIA Library
080 ## - UNIVERSAL DECIMAL CLASSIFICATION NUMBER
Universal Decimal Classification number 524.316(082.2)
Item number LAT
111 ## - MAIN ENTRY--MEETING NAME
Meeting name or jurisdiction name as entry element Colloquium on ate-type stars
Location of meeting Trieste
Date of meeting or treaty signing 1966 June 13-17
9 (RLIN) 5424
245 #0 - TITLE STATEMENT
Title Colloquium on late-type stars
Remainder of title proceedings of the colloquium held in Trieste, June 13-17, 1966
Statement of responsibility, etc. edited by Margherita Hack
260 ## - PUBLICATION, DISTRIBUTION, ETC.
Place of publication, distribution, etc. Trieste
Name of publisher, distributor, etc. Observatoria Astronomicao Di Trieste
Date of publication, distribution, etc. 1966
300 ## - PHYSICAL DESCRIPTION
Extent 465p.
650 ## - SUBJECT ADDED ENTRY--TOPICAL TERM
Topical term or geographic name entry element Astronomy and astrophysics thesaurus
650 ## - SUBJECT ADDED ENTRY--TOPICAL TERM
Topical term or geographic name entry element Cool stars
9 (RLIN) 5425
650 ## - SUBJECT ADDED ENTRY--TOPICAL TERM
Topical term or geographic name entry element Late type stars
9 (RLIN) 5426
650 ## - SUBJECT ADDED ENTRY--TOPICAL TERM
Topical term or geographic name entry element Stellar atmospheres
9 (RLIN) 1135
650 ## - SUBJECT ADDED ENTRY--TOPICAL TERM
Topical term or geographic name entry element Wilson - Bppu effect
9 (RLIN) 5427
700 ## - ADDED ENTRY--PERSONAL NAME
Personal name Hack, Margherita., ed.
9 (RLIN) 5428
710 ## - ADDED ENTRY--CORPORATE NAME
Corporate name or jurisdiction name as entry element Osservatorio Astronomico
9 (RLIN) 5429
942 ## - ADDED ENTRY ELEMENTS (KOHA)
Koha item type Books
Holdings
Withdrawn status Lost status Damaged status Not for loan Home library Current library Shelving location Date acquired Total Checkouts Full call number Barcode Date last seen Price effective from Koha item type
        IIA Library-Bangalore IIA Library-Bangalore General Stacks 14/05/1968   524.316(082.2)/ LAT 3395 05/11/2021 14/05/1968 Books

Powered by Koha